000 00996nam a2200313 i 4500
001 bg
003 BPK
005 20220321135228.0
008 200308s2000 pl f |000 0 pol
015 _aPB 22618/2000
020 _a8385941665
040 _cBPK
041 0 _apol
080 _a517
080 _a(075.8)
100 1 _aGewert, Marian
_eAutor
245 1 0 _aAnaliza matematyczna 1 :
_bdefinicje, twierdzenia, wzory /
_cMarian Gewert, Zbigniew Skoczylas.
250 _aWyd. 10 rozsz.
260 _aWrocław :
_b"GiS",
_c2000.
300 _a176 s. :
_bil. ;
_c24 cm.
490 1 _aMatematyka dla Studentów Politechnik
504 _aBibliogr. - Indeks.
655 _aPodręczniki akademickie
650 9 _aAnaliza matematyczna
700 1 _aSkoczylas, Zbigniew
_eAutor
830 _aMatematyka dla Studentów Politechnik
942 _cKS
_2udc
856 _uhttp://koha.tu.koszalin.pl/cgi-bin/koha/opac-detail.pl?biblionumber=51330
_yKatalog online BPK
999 _c51330
_d51330